000
00256nam a22001217a 4500
008
171103b xxu||||| |||| 00| 0 eng d
041
_a
eng
080
_2
2ND
_a
339.138
100
_a
60
101
_a
MAR
245
_a
MARKETING
_c
BELL,M.L
942
_2
udc
_c
BK
999
_c
37459
_d
37459